Role of digital technologies in governance: (Record no. 513257)

000 -LEADER
fixed length control field 00589nam a22001337a 4500
082 ## - DEWEY DECIMAL CLASSIFICATION NUMBER
Classification number B3x54 M294r
245 ## - TITLE STATEMENT
Title Role of digital technologies in governance:
Remainder of title proceedings of the sixty-second annual conference of the members of IIPA, held on October 27, 2018
Statement of responsibility, etc edited by Charru Malhotra
260 ## - PUBLICATION, DISTRIBUTION, ETC. (IMPRINT)
Place of publication, distribution, etc New Delhi
Name of publisher, distributor, etc Indian Institute of Public Administration
Date of publication, distribution, etc 2018
300 ## - PHYSICAL DESCRIPTION
Extent 78p.
650 ## - SUBJECT ADDED ENTRY--TOPICAL TERM
Topical term or geographic name as entry element Information technology --Government policy
9 (RLIN) 16204
650 ## - SUBJECT ADDED ENTRY--TOPICAL TERM
Topical term or geographic name as entry element Information technology --Political aspects
9 (RLIN) 16205
650 ## - SUBJECT ADDED ENTRY--TOPICAL TERM
Topical term or geographic name as entry element Information society
9 (RLIN) 16206
700 ## - ADDED ENTRY--PERSONAL NAME
Personal name Malhotra, Charru, ed.
9 (RLIN) 15826
Holdings
Withdrawn status Lost status Source of classification or shelving scheme Damaged status Koha normalized classification for sorting Not for loan Permanent location Current location Shelving location Date acquired Full call number Barcode Date last seen Price effective from Koha item type
        B_3X54_M294R   Indian Institute of Public Administration Indian Institute of Public Administration On Display 2020-02-05 B3x54 M294r GR21910 2020-02-05 2020-02-05 GR
        B_3X54_M294RC_2_000000000000000   Indian Institute of Public Administration Indian Institute of Public Administration   2020-02-05 B3x54 M294r\c.2 GR21911 2020-02-05 2020-02-05 GR
        B_3X54_M294RC_3_000000000000000   Indian Institute of Public Administration Indian Institute of Public Administration   2020-02-05 B3x54 M294r\c.3 GR21912 2020-02-05 2020-02-05 GR
        B_3X54_M294RC_4_000000000000000   Indian Institute of Public Administration Indian Institute of Public Administration   2020-02-05 B3x54 M294r\c.4 GR21913 2020-02-05 2020-02-05 GR

Powered by Koha